000 00335nam a2200133Ia 4500
008 191201s2005 xx 000 0 und d
100 _aTWAIN, Mark
245 4 _aThe Merriam Webster Thesaurus
250 _a1st
260 _aN.Delhi
_bMarriam Webster, Incarporated
_c2005
300 _a668
650 _aGeneral Books
942 _2ddc
_cBK
999 _c1090
_d1090